| 000 | 01507cam a22004214a 4500 | ||
|---|---|---|---|
| 001 | muse69504 | ||
| 003 | MdBmJHUP | ||
| 005 | 20210127151153.0 | ||
| 006 | m o d | ||
| 007 | cr||||||||nn|n | ||
| 008 | 040521s2005 mdu o 00 0 eng d | ||
| 010 | _z 2004012070 | ||
| 020 | _a9781421427607 | ||
| 020 | _z0801880203 (hardcover : alk. paper) | ||
| 020 | _z9781421429113 | ||
| 035 | _a(OCoLC)1048215754 | ||
| 040 |
_aMdBmJHUP _cMdBmJHUP |
||
| 050 | 0 | 4 |
_aP85.W478 _bA78 2005 |
| 082 | 0 |
_a410/.9 _222 |
|
| 100 | 1 | _aAlter, Stephen G. | |
| 245 | 1 | 0 |
_aWilliam Dwight Whitney and the Science of Language _cStephen G. Alter. |
| 264 | 1 | _bJohns Hopkins University Press, | |
| 264 | 3 | _bProject MUSE, | |
| 300 |
_a1 online resource (xiii, 339 p.) : _bill. ; |
||
| 504 | _aIncludes bibliographical references (p. [275]-320) and index. | ||
| 504 | _a"W.D. Whitney's main works in general linguistics": p. [321]-323. | ||
| 506 | 0 |
_aOpen Access _fUnrestricted online access _2star |
|
| 588 | _aDescription based on print version record. | ||
| 600 | 1 | 1 |
_aWhitney, William Dwight, _d1827-1894. |
| 655 | 7 |
_aElectronic books. _2local |
|
| 710 | 2 |
_aProject Muse. _edistributor |
|
| 830 | 0 | _aBook collections on Project MUSE. | |
| 856 | 4 | 0 |
_zFull text available: _uhttps://muse.jhu.edu/book/60328/ |
| 999 |
_c24871 _d24871 |
||